Movies Quiz

Random Movies Quiz

Minimalist Movie Posters Quiz Stats

Quiz not verified by Sporcle

Challenge
Share
Tweet
Score 0/0 Timer 00:00
1 Play Today
% Correct
Ratatouille
90.8%
Gravity
77.2%
Kill Bill Vol.2
69.6%
Forrest Gump
68.5%
The Terminator
66.5%
The Godfather
66%
Inception
64.7%
Ghostbusters
63.1%
The Lord of the Rings
56.5%
Alice in Wonderland
53.9%
Life of Pi
53.3%
127 Hours
51.4%
Scarface
51.4%
The Shining
50.3%
The Incredibles
49.1%
% Correct
Reservoir Dogs
47.7%
Se7en
46.2%
The Dark Knight
41.5%
Raiders of the Lost Ark
40.6%
Jurassic Park
39.4%
The Usual Suspects
39.1%
Snow White and the Seven Dwarfs
35.5%
Indiana Jones and the Last Crusade
33.7%
The Truman Show
26.7%
Sharknado
23.1%
Gangs of New York
22.6%
Monsters Inc.
20.5%
Shaun of the Dead
16.7%
Mr and Mrs Smith
12.5%
Superbad
3.2%

You're not logged in!

Compare scores with friends on all Sporcle quizzes.
Sign Up with Email
OR
Log In

You Might Also Like...

Show Comments

Extras

Top Quizzes Today


Score Distribution

Your Account Isn't Verified!

In order to create a playlist on Sporcle, you need to verify the email address you used during registration. Go to your Sporcle Settings to finish the process.

Report this User

Report this user for behavior that violates our Community Guidelines.

Details: